Normal view
MARC view
- العولمة - الدول النامية
Entry Topical Term
001 - CONTROL NUMBER
- control field: 52066
003 - CONTROL NUMBER IDENTIFIER
- control field: JO-AjAnu
005 - DATE AND TIME OF LATEST TRANSACTION
- control field: 20230606082548.0
008 - FIXED-LENGTH DATA ELEMENTS
- fixed length control field: 230606|| aca||aabn | a|a d
040 ## - CATALOGING SOURCE
- Original cataloging agency: JO-AjAnu
- Transcribing agency: JO-AjAnu
150 ## - HEADING--TOPICAL TERM
- Topical term or geographic name entry element: العولمة - الدول النامية
670 ## - SOURCE DATA FOUND
- Source citation: Work cat.: (JO-AjAnu)26609: اعداد احمد، فايز عبدالهادي, author 52065, علاقة العولمة بالتنمية البشرية: دراسة تطبيقية مع التركيز على الدول النامية